Stephen curry quiz - Statistics

General Stats
  • This quiz has been taken 953 times
  • The average score is 9 of 11
Answer Stats
Question Answer % Correct
What is his position Point guard
96%
What is his jersey number 30
92%
What's the name of his brother Seth curry
91%
Who is the other Splash Brother Klay thompson
90%
What's the name of his dad Dell Curry
89%
What team he play for Warriors
89%
What is his full name Wardell Stephen Curry
85%
What's the name of his wife Ayesha Alexander
77%
Where was he born Akron,Ohio
70%
What are the names of his two daughters Riley and ryan
49%
When was he born March 14, 1988
40%
No matching quizzes found
Score Distribution
Percent of People with Each Score
Percentile by Number Answered
Your Score History
You have not taken this quiz